00620nam a22001337a 450000500170000000800410001705000330005810000290009124501240012026000340024430000190027850000400029765001490033720250808095534.0250808b |||||||| |||| 00| 0 eng d aTHE LB 1028.3 .N93 2021bC.1 aNyarango, Danvers Marita aInformation Communication Technology's Effect on the Academic Performance of Secondary Schools in Kajiado County, Kenya aKisiibKisii Universityc2021 axvi, 75p.:ill. aIncludes bibliographical references a1. Educational technology - Kenya. 2. Information technology - Educational applications. 3. High school students - Kenya - Academic performance.